<Les> théories économiques de la croissance agricole
Na minha lista:
| Autor principal: | |
|---|---|
| Formato: | Livro |
| Idioma: | francês |
| Publicado em: |
Paris
Economica
1992
|
| Assuntos: | |
| Tags: |
Sem tags, seja o primeiro a adicionar uma tag!
|
MARC
| LEADER | 00000nam$a2200000$$$4500 | ||
|---|---|---|---|
| 001 | 0112819 | ||
| 005 | 20221207103858.0 | ||
| 020 | |a 2-7178-2377-8 | ||
| 041 | 0 | |a fre | |
| 044 | |a FR | ||
| 245 | 1 | 0 | |a <Les> théories économiques de la croissance agricole |c Alain Mounier |
| 264 | 1 | |a Paris |b Economica |c 1992 | |
| 300 | |a 427 s. | ||
| 610 | 2 | 0 | |a teórie ekonomické |
| 610 | 2 | 0 | |a poľnohospodárstvo |
| 610 | 2 | 0 | |a vidiek |
| 610 | 2 | 0 | |a vývoj |
| 610 | 2 | 0 | |a modely |
| 610 | 2 | 0 | |a Európa |
| 100 | 1 | |a Mounier, Alain | |